Industrializacion de la uva

Gespeichert in:
Bibliographische Detailangaben
Körperschaften: CORFO (VerfasserIn), Corporacion de Fomento de la Produccion (VerfasserIn)
Format: Buch
Sprache:Spanisch
Veröffentlicht: Santiago CORFO 1979
Schlagworte:
Tags: Tag hinzufügen
Keine Tags, Fügen Sie den ersten Tag hinzu!

MARC

LEADER 00000nam a2200000 a 4500
001 UCQ4079
003 CL-VaPUC
008 980829e19790000CL |||||||||||||||||spa|d
082 0 4 |a 382.6  |b COR  |2 21 
110 2 |a CORFO  |e author  |9 418318 
710 2 |a Corporacion de Fomento de la Produccion  |e author  |9 418319 
245 1 0 |a Industrializacion de la uva 
300 |a 10 p 
942 |c BK 
945 |d 19980829 00:00:00  |a mvenant 
260 |a Santiago  |b CORFO  |c 1979 
650 7 |a UVAS  |2 CL-VaPUC  |9 418320 
650 0 |a Frutas  |9 259500 
650 0 |a Industrialización  |9 263687 
650 7 |a INDUSTRIA FRUTICULA  |2 CL-VaPUC  |9 418321 
650 0 |a Viticultura  |9 301210 
651 7 |a CHILE  |2 CL-VaPUC  |9 418323 
583 |a last modification  |c 19980829 00:00:00  |k Rodrigo Vera 
999 |c 274557  |d 274555